[Event "Izmir op"]
[Site "Izmir"]
[Date "2009.??.??"]
[Round "2"]
[White "Manisali, Ilteris Mert"]
[Black "Magalashvili, Davit"]
[Result "0-1"]
[WhiteElo "1890"]
[BlackElo "2490"]
[PlyCount "46"]
[EventDate "2009.08.20"]
[EventType "swiss"]
[EventRounds "9"]
[EventCountry "TUR"]
[SourceTitle "CBM 131 Extra"]
[Source "ChessBase"]
[SourceDate "2009.09.03"]
[SourceVersion "2"]
[SourceVersionDate "2009.09.16"]
[SourceQuality "1"]

1. e4 c5 2. Nf3 d6 3. d4 cxd4 4. Nxd4 Nf6 5. Nc3 a6 6. Be3 e5 7. Nb3 Be6 8. f3 Be7 9. Qd2 0-0 10. 0-0-0 Nbd7 11. g4 b5 12. g5 b4 13. Na4 Nh5 14. h4 Ng3 15. Rg1 Nxf1 16. Rgxf1 Qb8 17. Qe2 Rc8 18. Nd2 Qb5 19. Qxb5 axb5 20. Nb6 Nxb6 21. Bxb6 Rxa2 22. Kb1 Ra6 23. Be3 Ba2+ 0-1

[Event "Izmir op"]
[Site "Izmir"]
[Date "2007.09.10"]
[Round "2"]
[White "Manisali, Ilteris Mert"]
[Black "Savchenko, Stanislav"]
[Result "0-1"]
[WhiteElo "1921"]
[BlackElo "2571"]
[PlyCount "104"]
[EventDate "2007.09.09"]
[EventType "swiss"]
[EventRounds "9"]
[EventCountry "TUR"]
[SourceTitle "CBM 120 Extra"]
[Source "ChessBase"]
[SourceDate "2007.11.01"]
[SourceVersion "1"]
[SourceVersionDate "2007.11.01"]
[SourceQuality "1"]

1. e4 c5 2. Nf3 e6 3. d4 cxd4 4. Nxd4 Nc6 5. Nc3 Qc7 6. Be3 a6 7. a3 Nf6 8. Be2 b5 9. f3 Bb7 10. 0-0 Bd6 11. f4 Nxd4 12. Qxd4 e5 13. Qd2 Nxe4 14. Nxe4 Bxe4 15. Rad1 Bc5 16. fxe5 0-0 17. Bf3 Bxf3 18. Rxf3 Qxe5 19. Bxc5 Qxc5+ 20. Qf2 Qe5 21. Qd4 d6 22. Re3 Qf5 23. Re2 Rae8 24. Rf2 Qc8 25. Rfd2 Re6 26. Qf2 Qc6 27. c3 Rfe8 28. h3 g6 29. Qg3 Re2 30. Qf3 Qc5+ 31. Kh2 Rxd2 32. Rxd2 Re1 33. Rf2 Qe5+ 34. Qf4 Rd1 35. Qxe5 dxe5 36. Rf6 Rd2 37. b4 Rc2 38. Rxa6 Rxc3 39. Ra5 e4 40. Rxb5 Rxa3 41. Rd5 Rb3 42. b5 Kg7 43. Kg1 f5 44. Rd7+ Kh6 45. Rd5 Kg5 46. Kf2 Kf4 47. Rc5 Rb2+ 48. Kf1 e3 49. Rc4+ Kg3 50. Rc3 f4 51. Rc7 Rb1+ 52. Ke2 Kxg2 0-1